[Event "Kieler Open 2016-A"]
[Site "Kiel"]
[Date "2016.07.31"]
[Round "3.9"]
[White "Junge, Ralph"]
[Black "De Vries, Joel"]
[Result "1-0"]
[WhiteElo "2277"]
[BlackElo "2086"]
[PlyCount "61"]

1. d4 Nf6 2. c4 e6 3. Nc3 d5 4. cxd5 exd5 5. Bg5 Be7 6. e3 O-O 7. Qc2 c6 8. Bd3
Nbd7 9. Nge2 Re8 10. O-O Nf8 11. Rad1 Be6 12. f3 N6d7 13. Bxe7 Qxe7 14. e4 Nb6
15. e5 c5 16. f4 c4 17. Bf5 g6 18. Bxe6 fxe6 19. g4 Qh4 20. g5 a6 21. Ng3 Re7
22. Qg2 Rf7 23. Nge2 Nfd7 24. Rf3 h5 25. h3 Raf8 26. Rdf1 Nc8 27. Nb1 Ne7 28.
Nd2 Nf5 29. Rc3 Nxd4 30. Nxd4 Rxf4 31. N4f3 1-0

[Event "Kieler Open 2016-A"]
[Site "Kiel"]
[Date "2016.07.31"]
[Round "3.10"]
[White "Pluska, Alexander"]
[Black "Plüg, Andreas"]
[Result "1-0"]
[WhiteElo "2116"]
[BlackElo "2271"]
[PlyCount "45"]

1. c4 e5 2. Nc3 Nc6 3. g3 f5 4. Bg2 Nf6 5. e3 d6 6. d4 Bd7 7. Nge2 g6 8. b4
Nxb4 9. Rb1 Nc6 10. Rxb7 Na5 11. dxe5 dxe5 12. Rxc7 e4 13. Qd4 Qxc7 14. Qxf6
Rg8 15. Nd5 Qxc4 16. Qe5+ Kd8 17. Bd2 Nb7 18. O-O Bd6 19. Qf6+ Ke8 20. Nef4 Rf8
21. Qg7 Rf7 22. Qg8+ Bf8 23. Rc1 1-0

[Event "Kieler Open 2016-A"]
[Site "Kiel"]
[Date "2016.07.31"]
[Round "3.11"]
[White "Schagen, Walt"]
[Black "Uksini, Bardhyl"]
[Result "1-0"]
[WhiteElo "2082"]
[BlackElo "2259"]
[PlyCount "71"]

1. e4 c5 2. Nf3 e6 3. b3 Nf6 4. e5 Nd5 5. c4 Nc7 6. Bb2 Nc6 7. Nc3 Be7 8. Ne4
O-O 9. Bd3 Ne8 10. O-O d5 11. exd6 Nxd6 12. Qe2 Nf5 13. Ng3 Bf6 14. Bxf6 Qxf6
15. Qe4 Rd8 16. Rad1 g6 17. Bb1 Nfd4 18. Ne1 b6 19. h4 Bb7 20. h5 Rd7 21. hxg6
hxg6 22. Qe3 Ne5 23. Ne4 Qh4 24. f3 Nf5 25. Qf2 Qe7 26. g4 Nd6 27. Nc3 Kg7 28.
d4 cxd4 29. Rxd4 Rh8 30. Qg3 Qg5 31. Ng2 Nxf3+ 32. Rxf3 Qc5 33. Rfd3 Ne4 34.
Nxe4 Bxe4 35. b4 Qxb4 36. Qe5+ 1-0

[Event "Kieler Open 2016-A"]
[Site "Kiel"]
[Date "2016.07.31"]
[Round "3.12"]
[White "Wunder, Niklas"]
[Black "Bente, Björn"]
[Result "0-1"]
[WhiteElo "2089"]
[BlackElo "2228"]
[PlyCount "146"]

1. e4 d6 2. d4 Nf6 3. Nc3 g6 4. Nf3 Bg7 5. Be2 O-O 6. O-O Nc6 7. d5 Nb8 8. Be3
c5 9. Nd2 Na6 10. a4 e6 11. Nc4 exd5 12. exd5 Re8 13. f3 Nh5 14. g4 Rxe3 15.
Nxe3 Qg5 16. Ng2 Nf4 17. Ne4 Nh3+ 18. Kh1 Qe5 19. c3 Nc7 20. Bc4 Nf4 21. Nxf4
Qxf4 22. Qd2 Be5 23. Qxf4 Bxf4 24. Rae1 Kg7 25. Nf2 Bd7 26. Nd3 Bg5 27. Ra1 Bh4
28. Kg2 Re8 29. Kh3 g5 30. Nf4 f5 31. Ne6+ Bxe6 32. dxe6 d5 33. Bd3 Nxe6 34. f4
fxg4+ 35. Kxg4 h5+ 36. Kxh5 Nxf4+ 37. Rxf4 Rh8+ 38. Kg4 gxf4 39. Rg1 Bf2 40.
Rg2 Be3 41. Kf5+ Kf7 42. Be2 d4 43. Ke4 Kf6 44. cxd4 cxd4 45. Kd3 Rh7 46. Ke4
Ke6 47. Rg6+ Kd7 48. Rg2 Kc6 49. b4 a5 50. bxa5 Kc5 51. a6 bxa6 52. Bxa6 Kb4
53. Be2 Kc3 54. a5 Re7+ 55. Kf3 d3 56. Bxd3 Kxd3 57. h4 Rh7 58. Rh2 Rg7 59. Rh3
Ra7 60. h5 Rxa5 61. h6 Ra8 62. h7 Rh8 63. Rh1 Kd4 64. Rh5 Bd2 65. Rh2 Kd3 66.
Rh5 Be3 67. Rh1 Kc4 68. Rh5 Kd4 69. Kg4 Ke4 70. Rh6 Ke5 71. Rh5+ Kf6 72. Rf5+
Kg6 73. Rh5 Rxh7 0-1

[Event "Kieler Open 2016-A"]
[Site "Kiel"]
[Date "2016.07.31"]
[Round "3.13"]
[White "Beeck, Mats"]
[Black "Haffner, Alexander"]
[Result "1-0"]
[WhiteElo "2196"]
[BlackElo "2118"]
[PlyCount "91"]

1. e4 g6 2. d4 Bg7 3. Nc3 d6 4. Be3 Nf6 5. f3 O-O 6. Qd2 Nc6 7. O-O-O e5 8. d5
Nd4 9. Nge2 Nxe2+ 10. Bxe2 Nh5 11. Bh6 Nf4 12. Bxg7 Kxg7 13. g3 Nxe2+ 14. Nxe2
f5 15. exf5 Bxf5 16. h4 Bd7 17. h5 g5 18. h6+ Kh8 19. Rdf1 Bb5 20. Rf2 Bxe2 21.
Qxe2 Qf6 22. Qe3 Rae8 23. Rhh2 b6 24. Qe4 Re7 25. Kd1 Rg8 26. Rh5 Rf7 27. Ke2
Rg6 28. Rfh2 Rg8 29. Ke3 Rg6 30. c3 Rf8 31. Qg4 Qf7 32. Qe4 Qd7 33. Qg4 Qe7 34.
Qe4 Qf7 35. b3 Rf6 36. Rxg5 Rxf3+ 37. Kd2 Rf2+ 38. Rxf2 Qxf2+ 39. Qe2 Qc5 40.
Rxe5 Qa3 41. Kd1 Qc5 42. Rf5 Rg8 43. Kc2 Qa3 44. Kb1 Qc5 45. Kb2 Qg1 46. Qe6
1-0

[Event "Kieler Open 2016-A"]
[Site "Kiel"]
[Date "2016.07.31"]
[Round "3.14"]
[White "Jahncke, Giso"]
[Black "Wanner, Lukas"]
[Result "1-0"]
[WhiteElo "2332"]
[BlackElo "2001"]
[PlyCount "51"]

1. d4 Nf6 2. c4 Nc6 3. Nf3 e6 4. Nc3 Bb4 5. Qc2 O-O 6. Bd2 d6 7. a3 Bxc3 8.
Bxc3 Re8 9. e3 e5 10. d5 Ne7 11. Nd2 Nd7 12. Bd3 g6 13. O-O f5 14. f4 e4 15.
Be2 c6 16. dxc6 bxc6 17. b4 d5 18. g4 Nf8 19. Bb2 fxg4 20. Qc3 Nf5 21. Qh8+ Kf7
22. Bxg4 h5 23. Bxf5 Bxf5 24. cxd5 cxd5 25. Qg7+ Ke6 26. Rac1 1-0

[Event "Kieler Open 2016-A"]
[Site "Kiel"]
[Date "2016.07.31"]
[Round "3.15"]
[White "Voloshin, Leonid"]
[Black "Hagenlüke, Thomas"]
[Result "1-0"]
[WhiteElo "2424"]
[BlackElo "2010"]
[PlyCount "71"]

1. d4 d5 2. c4 e6 3. Nc3 Nf6 4. Bg5 Be7 5. cxd5 exd5 6. e3 c6 7. Bd3 Nbd7 8.
Nge2 h6 9. Bh4 Nh5 10. Bxe7 Qxe7 11. O-O O-O 12. Qc2 Nb6 13. Rae1 Qg5 14. Kh1
Be6 15. Ng1 Rfe8 16. Nf3 Qe7 17. Ne5 Nf6 18. f4 Rad8 19. Qf2 Bc8 20. Qf3 Nfd7
21. h3 Nf8 22. Qf2 Nbd7 23. Rg1 f6 24. Nf3 Kh8 25. Nh4 Qf7 26. g4 g5 27. Nf5
Nb6 28. Nxh6 Qg7 29. fxg5 Rd6 30. h4 Nh7 31. Qf4 Ree6 32. g6 Nf8 33. h5 Re7 34.
Nf5 Bxf5 35. gxf5 Nbd7 36. h6 1-0

[Event "Kieler Open 2016-A"]
[Site "Kiel"]
[Date "2016.07.31"]
[Round "3.16"]
[White "Jacobs, Florian"]
[Black "Van den Boogaart, Jan Marten"]
[Result "1-0"]
[WhiteElo "2228"]
[BlackElo "1988"]
[PlyCount "83"]

1. d4 d5 2. c4 c6 3. Nf3 Nf6 4. e3 Bf5 5. Nc3 e6 6. Nh4 Bg6 7. Be2 Nbd7 8. g3
dxc4 9. Nxg6 hxg6 10. Bxc4 c5 11. O-O Be7 12. Qb3 Qb6 13. d5 exd5 14. Nxd5 Nxd5
15. Bxd5 O-O 16. Bxb7 Rab8 17. Qxb6 Nxb6 18. Ba6 Bf6 19. Rb1 Na4 20. b3 Rfd8
21. Bc4 Nc3 22. Rb2 a5 23. Rc2 a4 24. Bb2 axb3 25. axb3 Ne4 26. Bxf6 gxf6 27.
Ra1 Rd2 28. Rxd2 Nxd2 29. Bd5 Rd8 30. e4 Nf3+ 31. Kg2 Nd4 32. Ra5 Rc8 33. Ra7
Ne6 34. Re7 Ng5 35. f4 Kf8 36. Rd7 Ke8 37. Ra7 Ne6 38. f5 Rc7 39. Ra8+ Nd8 40.
h4 Ke7 41. g4 Nc6 42. h5 1-0

[Event "Kieler Open 2016-A"]
[Site "Kiel"]
[Date "2016.07.31"]
[Round "3.17"]
[White "Deutschbein, Christopher"]
[Black "Johansson, Thomas"]
[Result "1/2-1/2"]
[WhiteElo "2006"]
[BlackElo "2222"]
[PlyCount "63"]

1. e4 e6 2. d3 d5 3. Nd2 Nf6 4. g3 g6 5. Bg2 Bg7 6. Ngf3 c5 7. O-O Nc6 8. Re1
O-O 9. c3 Qc7 10. e5 Nd7 11. d4 cxd4 12. cxd4 a5 13. a4 Nb4 14. Re3 Nb8 15. Nb1
Bd7 16. Nc3 Bc6 17. Bd2 Qd7 18. Bf1 {(=)} N8a6 19. Nb5 Rfb8 20. h4 Nc7 21. Nxc7
Qxc7 22. Bxb4 axb4 23. b3 Rc8 24. h5 Bh6 25. Re1 Qe7 26. hxg6 hxg6 27. Bd3 Bd7
28. Kg2 Rc3 29. Rh1 Kg7 30. Nh2 Rac8 31. f4 Kg8 32. Nf3 1/2-1/2

[Event "Kieler Open 2016-A"]
[Site "Kiel"]
[Date "2016.07.31"]
[Round "3.18"]
[White "Light, Bjarne"]
[Black "Schmidt, Peter"]
[Result "1-0"]
[WhiteElo "2205"]
[BlackElo "1971"]
[PlyCount "99"]

1. c4 Nf6 2. g3 g6 3. Bg2 Bg7 4. Nc3 d6 5. d3 c5 6. e4 Nc6 7. Nge2 O-O 8. O-O
Ne8 9. f4 f5 10. Rb1 Nc7 11. a3 a5 12. h3 Ne6 13. Nd5 Ned4 14. Nec3 Kh8 15. Kh2
e6 16. Ne3 Bd7 17. Bd2 Qb8 18. Be1 b5 19. cxb5 Nxb5 20. Nc4 Nbd4 21. g4 Qc7 22.
Bg3 Rab8 23. h4 Rb3 24. h5 Rfb8 25. Rh1 Ne7 26. hxg6 hxg6 27. gxf5 exf5 28. e5
dxe5 29. fxe5 Be6 30. Qd2 Kg8 31. Rhe1 Bxc4 32. dxc4 Qb6 33. Na4 Qd8 34. Qf2
Ne6 35. Red1 Rd3 36. Bd5 Rxd1 37. Rxd1 Nxd5 38. cxd5 Ng5 39. Nc3 Qb6 40. Rd2
Qb3 41. Qg2 Qc4 42. Qe2 Qxe2+ 43. Rxe2 Nf3+ 44. Kg2 Nd4 45. e6 Re8 46. Rf2 Bh6
47. Bc7 Be3 48. Rf1 Ra8 49. Rh1 Bg5 50. Be5 1-0

[Event "Kieler Open 2016-A"]
[Site "Kiel"]
[Date "2016.07.31"]
[Round "3.19"]
[White "Busse, Tom Niklas"]
[Black "Gottuk, Stefan"]
[Result "0-1"]
[WhiteElo "1997"]
[BlackElo "2203"]
[PlyCount "60"]

1. c4 f5 2. g3 Nf6 3. Bg2 g6 4. e3 Bg7 5. Ne2 O-O 6. Nbc3 d6 7. d3 c6 8. O-O a5
9. b3 Na6 10. Bb2 Bd7 11. Qd2 Rb8 12. Rac1 e6 13. e4 b5 14. cxb5 cxb5 15. exf5
gxf5 16. Nf4 b4 17. Nd1 e5 18. Nd5 Bb5 19. N1e3 Nxd5 20. Bxd5+ Kh8 21. Rfe1 f4
22. Ng2 Nc7 23. Bc6 Ne6 24. Bd5 Nc7 25. Bc6 {(=)} Ne6 26. Bd5 Ng5 27. h4 Nh3+
28. Kh2 Qd7 29. Rf1 Qg4 30. Rc7 fxg3+ 0-1

[Event "Kieler Open 2016-A"]
[Site "Kiel"]
[Date "2016.07.31"]
[Round "3.20"]
[White "Kaulich, Philipp Theodor"]
[Black "Arndt, Magnus"]
[Result "1/2-1/2"]
[WhiteElo "2148"]
[BlackElo "1870"]
[PlyCount "68"]

1. e4 e5 2. f4 Bc5 3. Nf3 d6 4. Nc3 Bg4 5. h3 Bxf3 6. Qxf3 Nc6 7. Bb5 exf4 8.
Qxf4 Qf6 9. d3 Qxf4 10. Bxf4 Nge7 11. O-O-O O-O-O 12. Rhf1 a6 13. Bc4 Rhf8 14.
a3 Nd4 15. Rde1 Rde8 16. g4 Kd7 17. Kd2 Ng6 18. Bg3 f6 19. Ne2 Ne5 20. Nxd4
Bxd4 21. Bxe5 fxe5 {(=)} 22. c3 Bf2 23. Rb1 Rf4 24. Ke2 Ref8 25. b4 Bb6 26.
Rxf4 Rxf4 27. Rf1 g5 {(=)} 28. Rxf4 exf4 29. d4 c6 30. Kd3 Bc7 31. a4 h6 32. a5
Ke7 33. Ke2 Bd8 34. Kf3 Bc7 1/2-1/2

[Event "Kieler Open 2016-A"]
[Site "Kiel"]
[Date "2016.07.31"]
[Round "3.21"]
[White "Dittrich, Gunnar"]
[Black "Voelzke, Ferdinand"]
[Result "1-0"]
[WhiteElo "1950"]
[BlackElo "2159"]
[PlyCount "55"]

1. e4 d6 2. d4 Nf6 3. Nc3 e5 4. Nf3 Nbd7 5. Bc4 Be7 6. O-O O-O 7. Bb3 c6 8. Qe2
exd4 9. Nxd4 Ne5 10. h3 Qc7 11. f4 Ng6 12. Be3 Re8 13. Rae1 Bd8 14. Qd3 b5 15.
a3 a5 16. Bd2 b4 17. Na4 Ba6 18. Bc4 Qa7 19. Kh2 c5 20. Nb5 Qd7 21. axb4 axb4
22. b3 d5 23. exd5 Rxe1 24. Rxe1 Nh5 25. Nxc5 Qc8 26. Re8+ Nf8 27. Nxa6 Rxa6
28. Bxb4 1-0

[Event "Kieler Open 2016-A"]
[Site "Kiel"]
[Date "2016.07.31"]
[Round "3.22"]
[White "Böhm, Thomas"]
[Black "Rosmait, Emily"]
[Result "1/2-1/2"]
[WhiteElo "2148"]
[BlackElo "1920"]
[PlyCount "91"]

1. d4 Nf6 2. Nf3 e6 3. Bf4 b6 4. e3 Bb7 5. Bd3 Be7 6. h3 O-O 7. O-O d6 8. Nbd2
Nh5 9. Bh2 f5 10. Re1 Nd7 11. Bc4 d5 12. Bd3 a5 13. Rc1 Kh8 14. Ne5 Nhf6 15. c3
Nxe5 16. Bxe5 c5 17. a4 c4 18. Bc2 Bc6 19. Nf3 Ne4 20. Bh2 Be8 21. Ne5 Bh4 22.
Rf1 Ra7 23. Bxe4 fxe4 24. f3 Bg5 25. Qe2 exf3 26. Rxf3 Bxa4 27. Rcf1 Rxf3 28.
Qxf3 Bf6 29. Ng4 Bc2 30. Nxf6 gxf6 31. Qxf6+ Qxf6 32. Rxf6 Rb7 33. g4 Kg8 34.
h4 b5 35. Bd6 b4 36. Rxe6 bxc3 37. bxc3 Kf7 38. Re5 Be4 39. Bc5 a4 40. h5 Rb1+
41. Kf2 Rb2+ 42. Kg3 Rb7 43. g5 Rc7 44. Ba3 Rb7 45. Kf4 Rd7 46. Bc5 1/2-1/2

[Event "Kieler Open 2016-A"]
[Site "Kiel"]
[Date "2016.07.31"]
[Round "3.23"]
[White "Rudolph, Jens-Erik"]
[Black "Petri, Alexander"]
[Result "1/2-1/2"]
[WhiteElo "1939"]
[BlackElo "2139"]
[PlyCount "95"]

1. e4 c6 2. Bc4 d5 3. Bb3 Nf6 4. e5 Nfd7 5. d4 Nb6 6. Qf3 Qd7 7. h3 Qf5 8. Qe2
Qg6 9. Nf3 Qxg2 10. Rh2 Qg6 11. Bf4 Qh5 12. Nbd2 h6 13. O-O-O Bf5 14. Qe3 e6
15. Nf1 g5 16. Bg3 N8d7 17. Qc3 O-O-O 18. h4 g4 19. N3d2 Qg6 20. Ne3 h5 21. Qa5
Kb8 22. c4 Bh6 23. c5 Nc8 24. Nxf5 exf5 25. Bc2 Qe6 26. Rhh1 f4 27. Bh2 Rhe8
28. b4 f6 29. exf6 Nxf6 30. Kb2 Qd7 31. Rhe1 Qc7 32. Qa3 Re7 33. Bg6 Rg8 34.
Bf5 Rge8 35. Rxe7 Rxe7 36. Qd3 Qd8 37. Bxc8 Kxc8 38. Qf5+ Nd7 39. Qxh5 Bg7 40.
Kc3 Nf6 41. Qf5+ Kb8 42. Qxf4+ Ka8 43. Qd6 Qe8 44. a4 Re6 45. Qc7 Re7 46. Qd6
Re6 47. Qc7 Re7 48. Qd6 1/2-1/2

[Event "Kieler Open 2016-A"]
[Site "Kiel"]
[Date "2016.07.31"]
[Round "3.24"]
[White "Horn, Peter"]
[Black "Frost, Peter"]
[Result "1/2-1/2"]
[WhiteElo "2121"]
[BlackElo "1907"]
[PlyCount "53"]

1. d4 Nf6 2. Nf3 e6 3. e3 b6 4. Bd3 Bb7 5. O-O Be7 6. c4 O-O 7. Nc3 d5 8. b3
Nbd7 9. Bb2 Ne4 10. Qc2 Nxc3 11. Bxc3 Nf6 12. Ne5 Ne4 13. Bb2 f6 14. f3 Ng5 15.
Ng4 f5 16. Ne5 c6 17. c5 Nf7 18. b4 Nxe5 19. dxe5 bxc5 20. bxc5 Qa5 21. Bd4 Ba6
22. Bxa6 Qxa6 23. Rab1 Rfb8 24. Rb3 Qc4 25. Rc3 Qb4 26. Rb3 Qc4 27. Rc3 1/2-1/2

[Event "Kieler Open 2016-A"]
[Site "Kiel"]
[Date "2016.07.31"]
[Round "3.25"]
[White "Topalov, Mihail"]
[Black "Ijzermans, Gijs"]
[Result "1/2-1/2"]
[WhiteElo "1927"]
[BlackElo "2106"]
[PlyCount "81"]

1. e4 e5 2. Nf3 Nf6 3. Nxe5 d6 4. Nf3 Nxe4 5. Nc3 Nxc3 6. dxc3 Be7 7. Be3 Nc6
8. Qd2 O-O 9. O-O-O Re8 10. h3 Ne5 11. Nd4 c5 12. Nb3 Be6 13. Kb1 Nc4 14. Bxc4
Bxc4 15. Rhe1 a5 16. Bxc5 a4 17. Nc1 dxc5 18. Qxd8 Rexd8 19. Rxd8+ Rxd8 20.
Rxe7 Bd5 21. f3 Kf8 22. Re1 Bc6 23. Nd3 c4 24. Nb4 Rd2 25. Nxc6 bxc6 26. Rg1
Ke7 27. Kc1 Rf2 28. Re1+ Kd6 29. Re4 Rxg2 30. Rxc4 Rg3 31. h4 Rxf3 32. Rxa4 h6
33. Rg4 g6 34. a4 h5 35. Rd4+ Kc7 36. a5 f6 37. Kd2 g5 38. Re4 Rf5 39. b4 g4
40. Re7+ Kb8 41. Ke2 1/2-1/2

[Event "Kieler Open 2016-A"]
[Site "Kiel"]
[Date "2016.07.31"]
[Round "3.26"]
[White "Saglam, Bülent"]
[Black "Thieme, Daniel Otis"]
[Result "1-0"]
[WhiteElo "2100"]
[BlackElo "1878"]
[PlyCount "120"]

1. e4 c5 2. Nf3 d6 3. g3 Nc6 4. Bg2 g6 5. O-O Bg7 6. Re1 e6 7. c3 Nge7 8. d4
cxd4 9. cxd4 d5 10. Nc3 O-O 11. exd5 Nxd5 12. Nxd5 exd5 13. Ne5 Bf5 14. Nxc6
bxc6 15. Be3 Qb6 16. Qd2 Rab8 17. Rec1 Rfc8 18. b3 Bf8 19. Bf4 Rb7 20. Be5 Be7
21. h3 f6 22. Bf4 Ba3 23. Rd1 Bb4 24. Qb2 Qa5 25. g4 Ba3 26. Qd2 Bb4 27. Qc1
Ba3 28. Bd2 Qa6 29. Qc3 Bd7 30. Qf3 f5 31. Bh6 Re8 32. Re1 Rbb8 33. Bf4 Rbc8
34. Be5 Qa5 35. Qf4 Qb4 36. Bf1 Qf8 37. Qg3 a5 38. Ba6 Ra8 39. Bd3 fxg4 40.
hxg4 Qb4 41. Rab1 Qd2 42. Re2 Qg5 43. f3 c5 44. Rd1 Bb4 45. Kh1 Bc3 46. Bf4 Qf6
47. dxc5 Bc6 48. g5 Qf8 49. Bd6 Qf7 50. Rf1 Rxe2 51. Bxe2 Qf5 52. Qg4 Qf7 53.
f4 Re8 54. Bf3 Bd7 55. Qg2 Bc6 56. Rd1 Re1+ 57. Rxe1 Bxe1 58. Qe2 Bc3 59. Bg4
Bd7 60. Bxd7 Qxd7 {Rest der Notation fehlt.} 1-0

[Event "Kieler Open 2016-A"]
[Site "Kiel"]
[Date "2016.07.31"]
[Round "3.27"]
[White "Richter, Rüdiger"]
[Black "Ghadimi, Mohammed Reza"]
[Result "0-1"]
[WhiteElo "1905"]
[BlackElo "2098"]
[PlyCount "58"]

1. e4 Nc6 2. d4 d5 3. e5 f6 4. f4 Bf5 5. Nf3 Qd7 6. Bd3 Nh6 7. c3 e6 8. b4 Be4
9. a4 f5 10. a5 a6 11. Qe2 Bxb4 12. cxb4 Nxb4 13. Ra3 Nxd3+ 14. Rxd3 Qb5 15.
Rc3 Qxb1 16. O-O Bxf3 17. gxf3 Qb5 18. Qxb5+ axb5 19. Rxc7 O-O 20. Ba3 Rfc8 21.
Rxc8+ Rxc8 22. Bc5 Nf7 23. Rb1 Nd8 24. Rxb5 Nc6 25. Kf2 Ra8 26. Rxb7 Nxa5 27.
Re7 Ra6 28. Bd6 Nc6 29. Rxe6 Kf7 0-1

[Event "Kieler Open 2016-A"]
[Site "Kiel"]
[Date "2016.07.31"]
[Round "3.28"]
[White "Keyser, Philipp"]
[Black "Rieper, Julian"]
[Result "0-1"]
[WhiteElo "1865"]
[BlackElo "1999"]
[PlyCount "112"]

1. e4 e5 2. Nf3 Nc6 3. Bb5 a6 4. Ba4 Nf6 5. O-O Be7 6. Re1 b5 7. Bb3 d6 8. c3
O-O 9. h3 Na5 10. Bc2 c5 11. d4 Qc7 12. Nbd2 Bd7 13. Nf1 cxd4 14. cxd4 Nc6 15.
Be3 Rfe8 16. Rc1 Qb7 17. d5 Nb4 18. Bb1 a5 19. Ng3 g6 20. Bh6 Na6 21. Nh2 Nc5
22. Qf3 b4 23. Bg5 Kg7 24. Ng4 Bxg4 25. Bxf6+ Bxf6 26. Qxg4 Kh8 27. b3 a4 28.
Qf3 Bg5 29. Rc2 axb3 30. axb3 Ra1 31. Nf1 Rea8 32. g3 Kg7 33. h4 Bd8 34. Nd2
Qd7 35. Nc4 Rc8 36. Rec1 h5 37. Ra2 Rxa2 38. Bxa2 Nb7 39. Qd1 Na5 40. Bb1 {(=)}
Nxc4 41. Rxc4 Rxc4 42. bxc4 Bb6 43. Qb3 Qa7 44. Qa2 Qc7 45. Bc2 Qc5 46. Bb3 Qd4
47. Qc2 Bc5 48. Kg2 Qa1 49. Qe2 Qc3 50. Qd1 Bd4 51. Qf3 Qe1 52. Ba4 Bxf2 53.
Qxf2 Qxe4+ 54. Qf3 Qxc4 55. Be8 f6 56. Ba4 Qa2+ 0-1

[Event "Kieler Open 2016-A"]
[Site "Kiel"]
[Date "2016.07.31"]
[Round "3.29"]
[White "Benzen, Marthe"]
[Black "Karlisch, Moritz"]
[Result "1/2-1/2"]
[WhiteElo "2043"]
[BlackElo "1823"]
[PlyCount "123"]

1. e4 e6 2. d4 d5 3. Nd2 Nf6 4. e5 Nfd7 5. Bd3 c5 6. c3 Nc6 7. Ne2 cxd4 8. cxd4
f6 9. Nf4 Qe7 10. Qh5+ Qf7 11. Qxf7+ Kxf7 12. exf6 gxf6 13. Nf3 Bd6 14. O-O Nf8
15. Re1 Bd7 16. Bd2 Ng6 17. Nh5 Rac8 18. Rac1 Nb4 19. Bb1 Bb5 20. Rc3 Rxc3 21.
Bxc3 Rc8 22. Ng3 Nd3 23. Rd1 Ndf4 24. Ne1 h5 25. Bxg6+ Kxg6 26. h4 Bc4 27. a3
Bb3 28. Ra1 b6 29. Nf3 Nd3 30. Ne2 Nxb2 31. Bb4 Bxb4 32. axb4 Nd3 33. Rxa7 Bd1
34. Ra2 Nxb4 35. Rd2 Bxe2 36. Rxe2 Rc1+ 37. Kh2 Rc6 38. Re3 Nc2 39. Rb3 Kf5 40.
Rd3 b5 41. Nd2 Ra6 42. f3 Ra3 43. Rxa3 Nxa3 44. Kh3 Nc2 45. Nb3 Ne3 46. g3 e5
47. dxe5 fxe5 48. Kh2 d4 49. Kg1 d3 50. Kf2 Nc4 51. Ke1 d2+ 52. Ke2 b4 53. Nc5
Ne3 54. g4+ hxg4 55. fxg4+ Kxg4 56. Kxd2 Kf3 57. Nd3 Nc4+ 58. Kc2 e4 59. Nxb4
Ne5 60. Nd5 Ng4 61. h5 Kf2 62. Kd2 {Rest der Notation unklar / fehlt.} 1/2-1/2

[Event "Kieler Open 2016-A"]
[Site "Kiel"]
[Date "2016.07.31"]
[Round "3.30"]
[White "Rommeck, Christiane"]
[Black "Berger, Joachim"]
[Result "0-1"]
[WhiteElo "1558"]
[BlackElo "2022"]
[PlyCount "82"]

1. e4 Nf6 2. Nc3 e5 3. Nf3 Nc6 4. d4 Bb4 5. Bg5 h6 6. Bxf6 Qxf6 7. d5 Ne7 8.
Be2 O-O 9. O-O Bxc3 10. bxc3 d6 11. Rb1 b6 12. Rb3 Qf4 13. Nd2 f5 14. Bf3 g6
15. c4 Qg5 16. Be2 f4 17. h3 Qf6 18. Bg4 Kh8 19. Bxc8 Raxc8 20. Nf3 g5 21. Nh2
Qg6 22. Re1 Rf7 23. c5 h5 24. c6 Ng8 25. Qe2 a5 26. Qa6 Rcf8 27. f3 Nf6 28.
Reb1 Rh7 29. Rxb6 cxb6 30. Rxb6 g4 31. fxg4 hxg4 32. Rb7 gxh3 33. Rxh7+ Kxh7
34. Qe2 Qxg2+ 35. Qxg2 hxg2 36. Kxg2 Nxe4 37. c4 Nc5 38. Ng4 e4 39. Kf2 Kg6 40.
Ke2 Kf5 41. Nf2 Ke5 0-1

[Event "Kieler Open 2016-A"]
[Site "Kiel"]
[Date "2016.07.31"]
[Round "3.31"]
[White "Christensen, Andreas"]
[Black "Mock, Markus"]
[Result "0-1"]
[WhiteElo "1773"]
[BlackElo "2002"]
[PlyCount "44"]

1. e4 c5 2. d4 cxd4 3. c3 Nf6 4. e5 Nd5 5. Nf3 Nc6 6. Bc4 Nb6 7. Bb3 d5 8. exd6
Qxd6 9. cxd4 Be6 10. O-O Rd8 11. Nc3 Bd5 12. Re1 e6 13. Nxd5 Nxd5 14. Ne5 Be7
15. Qg4 O-O 16. Bh6 Bf6 17. Nxc6 bxc6 18. Rad1 Rfe8 19. h4 Ne7 20. Bf4 Qb4 21.
Be3 Nf5 22. Rd3 Qxe1+ 0-1

[Event "Kieler Open 2016-A"]
[Site "Kiel"]
[Date "2016.07.31"]
[Round "3.32"]
[White "Parvanyan, Alfred"]
[Black "Neuendorf, Max"]
[Result "1-0"]
[WhiteElo "1943"]
[BlackElo "1874"]
[PlyCount "43"]

1. Nf3 Nf6 2. c4 c6 3. g3 g6 4. Bg2 Bg7 5. O-O O-O 6. d4 d6 7. Nc3 Qc7 8. Qc2
Bg4 9. Nd2 Qc8 10. Rd1 e5 11. Nb3 Bh3 12. dxe5 dxe5 13. Bh1 Re8 14. Be3 Nbd7
15. f3 Nf8 16. Bg5 Ne6 17. Bxf6 Bxf6 18. Ne4 Be7 19. Nf2 Nd4 20. Nxd4 exd4 21.
g4 d3 22. exd3 1-0

[Event "Kieler Open 2016-A"]
[Site "Kiel"]
[Date "2016.07.31"]
[Round "3.33"]
[White "Apitzsch, Leon Fabian"]
[Black "Kertesz, Oliver"]
[Result "1-0"]
[WhiteElo "1841"]
[BlackElo "1700"]
[PlyCount "35"]

1. e4 d5 2. exd5 Qxd5 3. Nc3 Qd8 4. Bc4 Nf6 5. Nf3 a6 6. O-O b5 7. Bb3 c5 8. d3
e6 9. Bg5 Be7 10. a4 b4 11. Ne2 Bb7 12. Nf4 Qd6 13. Re1 Nc6 14. Bxe6 fxe6 15.
Nxe6 Kf7 16. Bf4 Qd7 17. d4 Qxe6 18. Ng5+ 1-0

[Event "Kieler Open 2016-A"]
[Site "Kiel"]
[Date "2016.07.31"]
[Round "3.34"]
[White "Tobianski, Fabian"]
[Black "Riha, Peter"]
[Result "1-0"]
[WhiteElo "1920"]
[BlackElo "1743"]
[PlyCount "41"]

1. c4 e5 2. g3 Nf6 3. Bg2 d5 4. cxd5 Nxd5 5. Nc3 Nb6 6. Nf3 Nc6 7. O-O Be7 8.
d3 O-O 9. Be3 Bg4 10. h3 Be6 11. Rc1 Qd7 12. Kh2 Nd5 13. Qd2 Nxe3 14. Qxe3 f6
15. Rfd1 Nd4 16. Nxd4 exd4 17. Qxe6+ Qxe6 18. Bd5 Qxd5 19. Nxd5 Bd6 20. Nxc7
Rad8 21. Ne6 1-0

[Event "Kieler Open 2016-A"]
[Site "Kiel"]
[Date "2016.07.31"]
[Round "3.35"]
[White "Untiedt, Urs Arved"]
[Black "Quiring, Nikolai"]
[Result "0-1"]
[WhiteElo "1636"]
[BlackElo "2026"]
[PlyCount "170"]

1. e4 e6 2. d4 d5 3. Nd2 Nf6 4. e5 Nfd7 5. Ngf3 c5 6. c3 Nc6 7. Be2 f6 8. exf6
Qxf6 9. Nb3 c4 10. Nbd2 Bd6 11. Nf1 O-O 12. Ng3 Qf7 13. O-O Nf6 14. Qc2 Qc7 15.
Bg5 Bd7 16. Bxf6 gxf6 17. Qd2 Bf4 18. Qc2 Be8 19. Rfe1 Bg6 20. Qd1 b5 21. Nh4
Qf7 22. Nh5 Bg5 23. Nxg6 hxg6 24. Ng3 a5 25. Rf1 Qe7 26. Nh1 f5 27. g3 Bf6 28.
f4 b4 29. Qc2 Rfb8 30. Rab1 b3 31. axb3 Rxb3 32. Bd1 Rab8 33. Qe2 Nxd4 34. cxd4
Bxd4+ 35. Nf2 Re3 36. Qc2 g5 37. Qd2 Ba7 38. fxg5 Kf7 39. Kg2 d4 40. Ng4 c3 41.
Qc2 Qb7+ 42. Bf3 Rxf3 43. Rxf3 cxb2 44. Qd2 Qe4 45. g6+ Ke7 46. Qg5+ Kd6 47.
Qf4+ Qxf4 48. Rxf4 fxg4 49. Rf2 Rg8 50. Rbxb2 Bc5 51. Ra2 Bb4 52. Rf4 e5 53.
Rxg4 d3 54. Kf3 Ke6 55. h4 d2 56. Ke2 Kf5 57. Rc4 Rxg6 58. Rxd2 Bxd2 59. Kxd2
Rxg3 60. Ra4 Rg4 61. Rxa5 Rxh4 62. Ke2 Rh2+ 63. Ke3 Rh3+ 64. Ke2 Kf4 65. Ra8
Rb3 66. Rf8+ Ke4 67. Re8 Rb2+ 68. Kf1 Kf4 69. Re7 e4 70. Rf7+ Ke3 71. Re7 Rf2+
72. Ke1 Rf4 73. Re8 Kf3 74. Kd2 Rf5 75. Re7 Rd5+ 76. Ke1 Ke3 77. Re8 Rb5 78.
Kd1 Rb4 79. Re7 Ra4 80. Re8 Ra1+ 81. Kc2 Kf3 82. Rf8+ Ke2 83. Re8 e3 84. Kc3
Rc1+ 85. Kd4 Rd1+ 0-1

[Event "Kieler Open 2016-A"]
[Site "Kiel"]
[Date "2016.07.31"]
[Round "3.36"]
[White "Schramm, Daniel"]
[Black "Rohmann, Volker"]
[Result "0-1"]
[WhiteElo "1988"]
[BlackElo "1820"]
[PlyCount "114"]

1. c4 c5 2. Nc3 Nc6 3. g3 g6 4. Bg2 Bg7 5. Nf3 e5 6. d3 Nge7 7. O-O d6 8. Bd2
O-O 9. Qc1 f6 10. Bh6 Be6 11. Bxg7 Kxg7 12. b3 Qd7 13. Qd2 Rab8 14. Rad1 b6 15.
e3 Bg4 16. d4 cxd4 17. exd4 Bxf3 18. Bxf3 Nxd4 19. Bg2 Rbd8 20. Rfe1 a6 21. Ne2
Nef5 22. g4 Nxe2+ 23. Rxe2 Nd4 24. Re4 Rc8 25. h4 b5 26. Rc1 Rc7 27. g5 bxc4
28. bxc4 Rc5 29. Rc3 Rf7 30. gxf6+ Rxf6 31. h5 Qf5 32. hxg6 Rxg6 33. Ree3 Qg5
34. f4 Qxf4 35. Qe1 Rc7 36. Rh3 Rf7 37. Rcg3 Rff6 38. a4 Rxg3 39. Rxg3+ Rg6 40.
Rxg6+ Kxg6 41. Qf1 Qxf1+ 42. Kxf1 a5 43. Be4+ Kf6 44. Kg2 Nb3 45. Kg3 Nc5 46.
Bc2 Ne6 47. Kg4 Nd4 48. Be4 Nf5 49. Kf3 Kg5 50. Bd3 Nd4+ 51. Ke4 Ne6 52. Kd5
Nf4+ 53. Kxd6 Nxd3 54. c5 Nxc5 55. Kxc5 e4 56. Kb5 e3 57. Kxa5 e2 0-1

[Event "Kieler Open 2016-A"]
[Site "Kiel"]
[Date "2016.07.31"]
[Round "3.37"]
[White "Wenske, Hardy"]
[Black "Keyser, Robin"]
[Result "1/2-1/2"]
[WhiteElo "1823"]
[BlackElo "1925"]
[PlyCount "80"]

1. Nf3 Nf6 2. d4 g6 3. e3 Bg7 4. Bd3 d5 5. Nbd2 c5 6. c3 Nbd7 7. O-O O-O 8. Re1
Qc7 9. dxc5 Nxc5 10. Bc2 Rd8 11. Qe2 b6 12. e4 Ba6 13. Qe3 dxe4 14. Nxe4 Ncxe4
15. Bxe4 Nxe4 16. Qxe4 Bb7 17. Bf4 Bxe4 18. Bxc7 Rd7 19. Rxe4 Rxc7 20. Rd1 e6
21. Re3 Bf6 22. Red3 Rcc8 23. Rd7 {(=)} Rd8 24. Rxd8+ Rxd8 25. Rxd8+ Bxd8 26.
Nd4 Bc7 27. a4 Kf8 28. b4 Be5 29. Ne2 Ke7 30. f4 Bf6 31. Kf2 e5 32. Ke3 exf4+
33. Kxf4 Kd6 34. Ke4 Be5 35. h3 f5+ 36. Kd3 g5 37. g4 f4 38. Ke4 Ke6 39. c4 Bf6
40. Nc1 a5 1/2-1/2